000 01577cam a2200349 a 4500
999 _c234586
_d234586
001 12581405
003 Nust
005 20170511114040.0
008 011105s2002 nyub 000 1 eng
010 _a 2001056123
020 _a9780143028581
040 _aDLC
_cDLC
_dDLC
043 _aa-ii---
050 0 0 _aPS3619.U53
_bT88 2002
082 0 0 _a813.6
_bSUN
100 1 _aSundaresan, Indu.
_9410
245 1 4 _aThe twentieth wife /
_cIndu Sundaresan.
260 _aNew York :
_bPocket Books,
_c2002.
300 _axii, 388 p. :
_bmap ;
_c24 cm.
600 0 0 _aNūr Jahān,
_cEmpress, consort of Jahangir, Emperor of Hindustan,
_d-1645
_vFiction.
_9411
600 0 0 _aJahangir,
_cEmperor of Hindustan,
_d1569-1627
_vFiction.
_9412
650 0 _aEmpresses
_vFiction.
_9413
651 0 _aIndia
_xHistory
_y1526-1765
_vFiction.
_9414
651 0 _aTaj Mahal (Agra, India)
_vFiction.
_9415
655 7 _aBiographical fiction.
_2gsafd
_9416
655 7 _aLove stories.
_2gsafd
_9418
856 4 2 _3Contributor biographical information
_uhttp://www.loc.gov/catdir/bios/simon052/2001056123.html
856 4 2 _3Publisher description
_uhttp://www.loc.gov/catdir/description/simon031/2001056123.html
856 4 1 _3Sample text
_uhttp://www.loc.gov/catdir/enhancements/fy0645/2001056123-s.html
906 _a7
_bcbc
_corignew
_d1
_eocip
_f20
_gy-gencatlg
942 _2ddc
_cBK